| 000 | 00575nam a22001817a 4500 | ||
|---|---|---|---|
| 003 | OSt | ||
| 005 | 20260430024848.0 | ||
| 008 | 260430b |||||||| |||| 00| 0 eng d | ||
| 020 | _a971-8970-48-7. | ||
| 040 |
_aDWC-Main Lib. _cOC |
||
| 082 | _aRes. 082 Si39d 2000 | ||
| 100 | _aSilverio, Julio F. | ||
| 245 |
_aDictionary of Filipino quotations : _bbook one/ _cJulio F. Silverio |
||
| 260 |
_aManila : _bM & L Licudine Enterprises, _cc2000. |
||
| 300 |
_a221 p. ; _c18 cm. |
||
| 650 | _a1. Dictionaries - Quotations - Filipino. | ||
| 942 |
_2ddc _cBK-0 CIRC _hRes. _n0 |
||
| 999 |
_c10086 _d10086 |
||